Informační výběr ze světa výpočetní techniky
Salvato in:
| Natura: | Periodico |
|---|---|
| Lingua: | ceco |
| Pubblicazione: |
Praha
Výběr
1992
|
| Soggetti: | |
| Tags: |
Nessun Tag, puoi essere il primo ad aggiungerne!!
|
MARC
| LEADER | 00000nas2a2200000 4500 | ||
|---|---|---|---|
| 001 | s016313 | ||
| 005 | 20190204094856.8 | ||
| 022 | |a 1210-1575 | ||
| 041 | 0 | |a cze | |
| 044 | |a CZ | ||
| 245 | 1 | 0 | |a Informační výběr ze světa výpočetní techniky |
| 264 | 1 | |a Praha |b Výběr |c 1992 | |
| 300 | |a 1 zv. | ||
| 500 | |a Do roku 1991 pod názvom: Výběr informací z organizační a výpočetní techniky | ||
| 773 | 0 | |w eu_un_cat*s120771 | |
| 610 | 2 | 0 | |a technika výpočtová |